[Event "World Stars Sharjah Int"]
[Site "ICC INT"]
[Date "2020.06.12"]
[Round "1.2"]
[White "Salem, A.R. Saleh"]
[Black "Amin, Bassem"]
[Result "1-0"]
[WhiteTitle "GM"]
[BlackTitle "GM"]
[WhiteElo "2682"]
[BlackElo "2686"]
[WhiteFideId "9301348"]
[BlackFideId "10601457"]
[EventDate "2020.06.12"]
[EventType "tourn (rapid)"]

1. d4 Nf6 2. c4 g6 3. g3 Bg7 4. Bg2 O-O 5. Nc3 d6 6. Nf3 Nbd7 7. O-O e5 8. e4 c6
9. h3 Qb6 10. Re1 exd4 11. Nxd4 Re8 12. Re2 Qb4 13. Rc2 Nc5 14. Bd2 Qb6 15. Be3
Qc7 16. f3 a5 17. b3 Nfd7 18. Bf2 h5 19. Qf1 Qb6 20. Rd1 a4 21. bxa4 Qa6 22. Nb3
Bf8 23. f4 Nxa4 24. Nb5 cxb5 25. cxb5 Qb6 26. Bxb6 Ndxb6 27. Rc7 Re7 28. Rxe7
Bxe7 29. Rc1 Nc5 30. e5 Nxb3 31. axb3 dxe5 32. Qf2 Nd7 33. f5 Nf8 34. fxg6 Nxg6
35. Bd5 Nh8 36. Rc7 Kf8 37. Qc2 Bxh3 38. Qh7 1-0

[Event "World Stars Sharjah Int"]
[Site "ICC INT"]
[Date "2020.06.12"]
[Round "1.3"]
[White "Wojtaszek, Radoslaw"]
[Black "Mamedyarov, Shakhriyar"]
[Result "1/2-1/2"]
[WhiteTitle "GM"]
[BlackTitle "GM"]
[WhiteElo "2719"]
[BlackElo "2764"]
[WhiteFideId "1118358"]
[BlackFideId "13401319"]
[EventDate "2020.06.12"]
[EventType "tourn (rapid)"]

1. d4 d5 2. c4 dxc4 3. e3 Nf6 4. Bxc4 e6 5. Nf3 c5 6. O-O a6 7. Nc3 Be7 8. dxc5
Bxc5 9. Qxd8+ Kxd8 10. Ng5 Rf8 11. Nge4 Nxe4 12. Nxe4 Be7 13. Rd1+ Kc7 14. Bd2
Nc6 15. Bc3 f6 16. Rac1 Rd8 17. Rxd8 Kxd8 18. Ng3 Bd7 19. Nh5 Bf8 20. Nf4 Ke7
21. Rd1 Rd8 22. h4 Bc8 23. Rxd8 Nxd8 24. h5 Nc6 25. Kf1 Kf7 26. Bd3 f5 27. Ke2
Bd6 28. g4 b5 29. gxf5 exf5 30. Bc2 b4 31. Bb3+ Kf8 32. Bd2 Bxf4 33. exf4 Nd4+
34. Kd3 Nxb3 35. axb3 Kf7 36. Bxb4 Be6 37. Bc3 h6 38. b4 Bb3 39. Ke2 Ba4 40. f3
Kf8 41. Kf2 Be8 42. Kg3 Bxh5 43. Bd2 Be8 44. Bc3 Kf7 45. Bd2 g6 46. Bc3 Ke6 47.
Bg7 h5 48. Bh6 Kd5 49. Bf8 Kc4 50. Be7 Bc6 51. Kf2 Kb3 52. Kg3 Kxb2 53. Kf2 Kc3
54. Kg3 Kd3 55. Kf2 Kc4 56. Kg3 Kc3 57. Kf2 Kd3 58. Bf6 Be4 59. Be7 Bc6 60. Bf6
Kc4 61. Be7 h4 62. Kg2 Kd3 63. Kh3 Ke3 64. Bg5 1/2-1/2

[Event "World Stars Sharjah Int"]
[Site "ICC INT"]
[Date "2020.06.12"]
[Round "2.1"]
[White "Salem, A.R. Saleh"]
[Black "Wojtaszek, Radoslaw"]
[Result "1/2-1/2"]
[WhiteTitle "GM"]
[BlackTitle "GM"]
[WhiteElo "2682"]
[BlackElo "2719"]
[WhiteFideId "9301348"]
[BlackFideId "1118358"]
[EventDate "2020.06.12"]
[EventType "tourn (rapid)"]

1. d4 Nf6 2. c4 e6 3. Nf3 d5 4. g3 Bb4+ 5. Bd2 Be7 6. Bg2 O-O 7. O-O Nbd7 8. Qc2
c6 9. Rd1 b6 10. b3 a5 11. Bc3 Bb7 12. Nbd2 Qc7 13. e4 dxe4 14. Nxe4 Nxe4 15.
Qxe4 Nf6 16. Qc2 Rfd8 17. Rd2 c5 18. Re1 cxd4 19. Nxd4 Bxg2 20. Kxg2 Qb7+ 21. f3
Rd7 22. Red1 Rad8 23. Nb5 h6 24. Rd3 Qc6 25. Bd4 Bc5 26. Qe2 Bxd4 27. Nxd4 Qd6
28. f4 Qc5 29. Nf3 Rxd3 30. Rxd3 Rxd3 31. Qxd3 Ng4 32. Qd8+ Kh7 33. Qd3+ Kg8 34.
Qd8+ Kh7 35. Qd3+ Kg8 1/2-1/2

[Event "World Stars Sharjah Int"]
[Site "ICC INT"]
[Date "2020.06.12"]
[Round "2.2"]
[White "Mamedyarov, Shakhriyar"]
[Black "Kasimdzhanov, Rustam"]
[Result "1-0"]
[WhiteTitle "GM"]
[BlackTitle "GM"]
[WhiteElo "2764"]
[BlackElo "2661"]
[WhiteFideId "13401319"]
[BlackFideId "14200244"]
[EventDate "2020.06.12"]
[EventType "tourn (rapid)"]

1. d4 d5 2. c4 e6 3. Nc3 c6 4. e3 Nf6 5. Nf3 Nbd7 6. Qc2 Bd6 7. Bd3 O-O 8. O-O
dxc4 9. Bxc4 b5 10. Bd3 Bb7 11. e4 e5 12. Rd1 Qc7 13. h3 b4 14. Ne2 c5 15. dxe5
Bxe5 16. Nxe5 Nxe5 17. Bf4 c4 18. Bxe5 Qxe5 19. Qxc4 a5 20. f4 Qxb2 21. Rab1 Qa3
22. e5 Ba6 23. Qc1 Qxc1 24. Rbxc1 Bxd3 25. Rxd3 Ne4 26. Rc4 f5 27. g4 g6 28.
gxf5 gxf5 29. Rd5 Ra7 30. Kg2 Rb8 31. e6 a4 32. Rd7 Rab7 33. Nd4 b3 34. axb3
axb3 35. Nxf5 h5 36. Rc8+ Rxc8 37. Rxb7 Rc2+ 38. Kf3 1-0

[Event "World Stars Sharjah Int"]
[Site "ICC INT"]
[Date "2020.06.12"]
[Round "3.1"]
[White "Kasimdzhanov, Rustam"]
[Black "Salem, A.R. Saleh"]
[Result "1/2-1/2"]
[WhiteTitle "GM"]
[BlackTitle "GM"]
[WhiteElo "2661"]
[BlackElo "2682"]
[WhiteFideId "14200244"]
[BlackFideId "9301348"]
[EventDate "2020.06.12"]
[EventType "tourn (rapid)"]

1. e4 c5 2. Nf3 Nc6 3. Bb5 e6 4. O-O Nge7 5. Re1 a6 6. Bf1 d5 7. exd5 Nxd5 8. d4
Nf6 9. Be3 Be7 10. c4 O-O 11. Nc3 cxd4 12. Nxd4 Ne5 13. h3 Bd7 14. Bf4 Ng6 15.
Bg3 Qb6 16. Nb3 Rfd8 17. Qc2 Bc6 18. Rad1 Bb4 19. Bd3 Rd7 20. Bxg6 hxg6 21. Rxd7
Nxd7 22. Rd1 Nc5 23. Nxc5 Bxc5 24. Rd2 Rd8 25. Bf4 Rd4 26. Rxd4 Bxd4 27. Qd2 Qc5
28. b3 b5 29. Be3 Bxe3 30. fxe3 Qg5 31. cxb5 axb5 32. Nd1 b4 33. Nb2 Be4 34. Nc4
Bd5 35. e4 Qxd2 36. Nxd2 Bc6 37. Kf2 f5 38. e5 g5 39. g4 Kf7 40. Nc4 Ke7 41. Nd6
f4 42. Kf1 Bf3 43. Kf2 Bd5 44. Kf1 Bc6 45. Kf2 Bd5 46. Kf1 Bc6 47. Kf2 Bd5 1/2-1/2

[Event "World Stars Sharjah Int"]
[Site "ICC INT"]
[Date "2020.06.12"]
[Round "3.2"]
[White "Wojtaszek, Radoslaw"]
[Black "Amin, Bassem"]
[Result "1-0"]
[WhiteTitle "GM"]
[BlackTitle "GM"]
[WhiteElo "2719"]
[BlackElo "2686"]
[WhiteFideId "1118358"]
[BlackFideId "10601457"]
[EventDate "2020.06.12"]
[EventType "tourn (rapid)"]

1. d4 Nf6 2. c4 g6 3. Nc3 Bg7 4. e4 d6 5. Nf3 O-O 6. Be2 e5 7. O-O Nc6 8. d5 Ne7
9. b4 a5 10. bxa5 Rxa5 11. a4 c5 12. Ra3 Ne8 13. Kh1 h6 14. Bd2 Ra6 15. Qc1 Kh7
16. Bd3 f5 17. exf5 gxf5 18. Nh4 Nf6 19. f3 Nfg8 20. g3 Bf6 21. Ng2 Ng6 22. Nb5
Bg7 23. Qb1 h5 24. h3 Bh6 25. Be1 Kg7 26. f4 e4 27. Be2 Nf6 28. Bc3 Kh7 29. Bxf6
Qxf6 30. Bxh5 Rg8 31. g4 Bg7 32. g5 Qb2 33. Qd1 Bd4 34. Rg3 Bd7 35. Bxg6+ Kxg6
36. Nh4+ Kf7 37. Qh5+ Ke7 38. g6 Rxa4 39. Nxf5+ Kd8 40. Qh7 Re8 41. Rg2 Qb3 42.
Nbxd6 Rh8 43. Nf7+ Kc8 44. Nxh8 Bxf5 45. Nf7 Bxh3 46. Qg8+ 1-0

[Event "World Stars Sharjah Int"]
[Site "ICC INT"]
[Date "2020.06.12"]
[Round "4.1"]
[White "Amin, Bassem"]
[Black "Mamedyarov, Shakhriyar"]
[Result "1/2-1/2"]
[WhiteTitle "GM"]
[BlackTitle "GM"]
[WhiteElo "2686"]
[BlackElo "2764"]
[WhiteFideId "10601457"]
[BlackFideId "13401319"]
[EventDate "2020.06.12"]
[EventType "tourn (rapid)"]

1. e4 e5 2. Nf3 Nc6 3. Bc4 Bc5 4. O-O Nf6 5. d3 a6 6. c3 d6 7. Re1 Ba7 8. Bb3 h6
9. Nbd2 O-O 10. Nf1 Ne7 11. Ng3 Ng6 12. h3 Re8 13. d4 Be6 14. Bc2 c6 15. Be3 Kh7
16. Qd2 b5 17. a4 Qc7 18. Nf5 Ng8 19. h4 f6 20. h5 N6e7 21. axb5 axb5 22. dxe5
Bxe3 23. Qxd6 Qxd6 24. exd6 Rxa1 25. Rxa1 Bxf5 26. exf5 Bc5 27. dxe7 Nxe7 28. b4
Bd6 29. Be4 Rd8 30. Kf1 c5 31. Rd1 cxb4 32. cxb4 Nc8 33. Rd4 Be7 34. Rxd8 Bxd8
35. Nd4 Be7 36. Nc6 Bd6 37. Bd3 Ne7 38. Nxe7 Bxe7 39. Bxb5 Bxb4 40. Bc4 1/2-1/2

[Event "World Stars Sharjah Int"]
[Site "ICC INT"]
[Date "2020.06.12"]
[Round "4.2"]
[White "Wojtaszek, Radoslaw"]
[Black "Kasimdzhanov, Rustam"]
[Result "0-1"]
[WhiteTitle "GM"]
[BlackTitle "GM"]
[WhiteElo "2719"]
[BlackElo "2661"]
[WhiteFideId "1118358"]
[BlackFideId "14200244"]
[EventDate "2020.06.12"]
[EventType "tourn (rapid)"]

1. c4 e6 2. Nc3 d5 3. d4 c6 4. e3 Nf6 5. Nf3 Nbd7 6. Qc2 g6 7. b3 Bg7 8. Ba3 Ne4
9. Bd3 Qa5 10. Bb2 f5 11. O-O O-O 12. Ne2 Qd8 13. b4 Nd6 14. a4 g5 15. Ne5 Nf7
16. Nxf7 Rxf7 17. b5 Nf6 18. bxc6 bxc6 19. Ba3 Bf8 20. Bxf8 Qxf8 21. Rab1 Bd7
22. Rb7 Be8 23. Rfb1 Qg7 24. Rxf7 Qxf7 25. Qb3 Qc7 26. Qb4 a5 27. Qc5 Ra7 28.
Nc3 f4 29. exf4 gxf4 30. Re1 Bf7 31. f3 Nd7 32. Qe7 Nf8 33. Qg5+ Bg6 34. Bxg6
Nxg6 35. Rxe6 Qg7 36. Ne2 dxc4 37. Qc5 Rb7 38. Qxc4 Qf7 39. Qxc6 Rc7 40. Qe4 Kg7
41. d5 Rb7 42. d6 Rb4 43. Re7 Nxe7 44. Qe5+ Qf6 45. Qxe7+ Qxe7 46. dxe7 Kf7 47.
Nc3 Rc4 48. Nd5 Rxa4 49. g3 fxg3 50. hxg3 Rd4 51. Ne3 a4 52. Kf1 a3 53. Nc2 a2 0-1

[Event "World Stars Sharjah Int"]
[Site "ICC INT"]
[Date "2020.06.12"]
[Round "5.1"]
[White "Mamedyarov, Shakhriyar"]
[Black "Salem, A.R. Saleh"]
[Result "1-0"]
[WhiteTitle "GM"]
[BlackTitle "GM"]
[WhiteElo "2764"]
[BlackElo "2682"]
[WhiteFideId "13401319"]
[BlackFideId "9301348"]
[EventDate "2020.06.12"]
[EventType "tourn (rapid)"]

1. d4 Nf6 2. c4 g6 3. Nf3 Bg7 4. g3 d5 5. Bg2 dxc4 6. Na3 c3 7. bxc3 O-O 8. O-O
c5 9. Re1 Nc6 10. Bb2 Nd5 11. e4 Nb6 12. h3 Na5 13. Bc1 Bd7 14. Bf4 Rc8 15. Rc1
Nbc4 16. Nxc4 Nxc4 17. Bf1 cxd4 18. cxd4 b5 19. a4 Nb2 20. Rxc8 Qxc8 21. Qb3
Nxa4 22. Bxb5 Nb6 23. Rc1 Qe8 24. Bxd7 Qxd7 25. Rc7 Qxh3 26. Ng5 Qh5 27. Rxe7
Qe2 28. Rxf7 Qc4 29. Qxc4 Nxc4 30. Rxg7+ Kxg7 31. Ne6+ Kf7 32. Nxf8 Kxf8 33. Kf1
a5 34. Ke2 a4 35. Bd2 h5 36. f4 Kf7 37. Kd3 Nb2+ 38. Kc2 Nc4 39. Kc3 Nd6 40. Kd3
a3 41. d5 g5 42. fxg5 Kg6 43. e5 Nf5 44. d6 Ng7 45. d7 Ne6 46. Kc2 Kf5 47. Ba5 1-0

[Event "World Stars Sharjah Int"]
[Site "ICC INT"]
[Date "2020.06.12"]
[Round "5.2"]
[White "Kasimdzhanov, Rustam"]
[Black "Amin, Bassem"]
[Result "1-0"]
[WhiteTitle "GM"]
[BlackTitle "GM"]
[WhiteElo "2661"]
[BlackElo "2686"]
[WhiteFideId "14200244"]
[BlackFideId "10601457"]
[EventDate "2020.06.12"]
[EventType "tourn (rapid)"]

1. e4 e5 2. Nf3 Nc6 3. Bb5 a6 4. Ba4 Nf6 5. O-O Be7 6. Re1 b5 7. Bb3 d6 8. c3
O-O 9. h3 Nb8 10. d4 Nbd7 11. Nbd2 Bb7 12. Bc2 Re8 13. Nf1 Bf8 14. Ng3 g6 15. b3
a5 16. Rb1 d5 17. Bg5 h6 18. Bh4 g5 19. Nxg5 hxg5 20. Bxg5 exd4 21. e5 Rxe5 22.
Rxe5 Nxe5 23. cxd4 Ned7 24. Qf3 Ra6 25. Bd3 Rb6 26. Nf5 Qe8 27. Rc1 Ne4 28. Bxe4
Qxe4 29. Qxe4 dxe4 30. Rxc7 Nf6 31. Ne3 Ne8 32. Rd7 Ng7 33. d5 Bc5 34. Ng4 Kh7
35. Nf6+ Kg6 36. Nxe4 Bc8 37. Rd8 Bf5 38. Nxc5 Kxg5 39. d6 Rc6 40. Nb7 Kf6 41.
Nxa5 Rc1+ 42. Kh2 Ne6 43. Rg8 Nc5 44. Nc6 Ne4 45. Nd4 Nxd6 46. Rd8 Ne4 47. Rd5
Be6 48. Rxb5 Nxf2 49. a4 Bd7 50. Rb6+ Ke5 51. Nf3+ Ke4 52. a5 f5 53. Kg3 Nd3 54.
Nd2+ Ke3 55. Nc4+ Ke2 56. a6 f4+ 57. Kh4 Ra1 58. b4 Ra4 59. Na5 Nxb4 60. a7 Rxa5
61. Rxb4 Ke3 62. Rb3+ Ke4 63. Rb4+ Kf5 64. Rb7 Bc6 65. Rf7+ Ke5 66. Kg4 Bxg2 67.
Rf5+ 1-0

[Event "World Stars Sharjah Int"]
[Site "ICC INT"]
[Date "2020.06.13"]
[Round "6.2"]
[White "Amin, Bassem"]
[Black "Salem, A.R. Saleh"]
[Result "1/2-1/2"]
[WhiteTitle "GM"]
[BlackTitle "GM"]
[WhiteElo "2686"]
[BlackElo "2682"]
[WhiteFideId "10601457"]
[BlackFideId "9301348"]
[EventDate "2020.06.12"]
[EventType "tourn (rapid)"]

1. e4 c5 2. Nf3 Nc6 3. Bb5 e6 4. O-O Nge7 5. Re1 a6 6. Bf1 d5 7. d3 d4 8. e5 b5
9. a4 Bb7 10. Na3 Nd5 11. Bd2 Nc7 12. g3 Be7 13. h4 O-O 14. Bg2 Rb8 15. axb5
axb5 16. Ng5 Bxg5 17. hxg5 Ne7 18. Qh5 Ng6 19. Be4 Qd7 20. Kg2 Rfd8 21. Ba5 Rdc8
22. Bxc7 Qxc7 23. Bxb7 Qxb7+ 24. Re4 c4 25. Rh1 cxd3 26. Qxh7+ Kf8 27. cxd3 b4
28. Nb1 Rc2 29. Rd1 Ra8 30. Nd2 Ra2 31. Nf3 Raxb2 32. Rf1 b3 33. Nxd4 Qd5 34.
Qh5 Rd2 35. Nf3 Rxd3 36. Ra4 Rc2 37. Rfa1 Rc8 38. Ra5 Qe4 39. R1a4 Qc6 40. Ra6
Qd5 41. R6a5 Qc6 42. Qg4 Kg8 43. Ra6 Qd5 44. R4a5 Qb7 45. Ra7 Qc6 46. R7a6 Qb7
47. Ra7 Qc6 48. R7a6 Qe8 49. Qe4 Rdd8 50. Rb6 Rb8 51. Raa6 b2 52. Qb4 Rxb6 53.
Rxb6 Qd7 54. Qxb2 Qd5 55. Rb5 Qc6 56. Rb8 Rxb8 57. Qxb8+ Kh7 58. Qd6 Qe4 59. Qc7
Kg8 60. Qc3 Qd5 61. Qc8+ Kh7 62. Qc7 Kg8 63. Qc3 Qe4 64. Kg1 Qd5 65. Qe3 Kh7 66.
Kh2 Kg8 67. Kg2 Kh7 68. Qc3 Kg8 1/2-1/2

[Event "World Stars Sharjah Int"]
[Site "ICC INT"]
[Date "2020.06.13"]
[Round "6.3"]
[White "Mamedyarov, Shakhriyar"]
[Black "Wojtaszek, Radoslaw"]
[Result "1/2-1/2"]
[WhiteTitle "GM"]
[BlackTitle "GM"]
[WhiteElo "2764"]
[BlackElo "2719"]
[WhiteFideId "13401319"]
[BlackFideId "1118358"]
[EventDate "2020.06.12"]
[EventType "tourn (rapid)"]

1. c4 e5 2. Nc3 Nf6 3. Nf3 Nc6 4. e4 Bb4 5. d3 d6 6. a3 Bc5 7. b4 Bd4 8. Nxd4
Nxd4 9. Ne2 Ne6 10. g3 a5 11. Bd2 axb4 12. axb4 Bd7 13. Bg2 O-O 14. O-O b5 15.
f4 bxc4 16. dxc4 Bc6 17. f5 Nd4 18. Nxd4 exd4 19. Bg5 Rxa1 20. Qxa1 h6 21. Bh4
g5 22. fxg6 fxg6 23. Bxf6 Rxf6 24. Rxf6 Qxf6 25. e5 dxe5 26. Qa6 Qg5 27. Bxc6
Qe3+ 28. Kf1 Qd3+ 29. Ke1 Qb1+ 30. Kf2 Qc2+ 31. Kf3 Qd3+ 32. Kf2 Qc2+ 33. Kf3
Qd3+ 34. Kf2 Qc2+ 35. Kf3 Qd3+ 1/2-1/2

[Event "World Stars Sharjah Int"]
[Site "ICC INT"]
[Date "2020.06.13"]
[Round "7.2"]
[White "Kasimdzhanov, Rustam"]
[Black "Mamedyarov, Shakhriyar"]
[Result "1/2-1/2"]
[WhiteTitle "GM"]
[BlackTitle "GM"]
[WhiteElo "2661"]
[BlackElo "2764"]
[WhiteFideId "14200244"]
[BlackFideId "13401319"]
[EventDate "2020.06.12"]
[EventType "tourn (rapid)"]

1. e4 e5 2. Nf3 Nc6 3. Bb5 a6 4. Ba4 Nf6 5. O-O Nxe4 6. d4 b5 7. Bb3 d5 8. dxe5
Be6 9. Qe2 Nc5 10. Rd1 Nxb3 11. cxb3 Be7 12. Be3 O-O 13. Nc3 f6 14. exf6 Bxf6
15. Bg5 Qe7 16. Re1 Rae8 17. Qd2 Bxc3 18. Qxc3 Qd6 19. Rac1 Bd7 20. Rxe8 Bxe8
21. Nd4 Nxd4 22. Qxd4 Bd7 23. Bd2 c6 24. f3 Qf6 25. Bc3 Qxd4+ 26. Bxd4 Kf7 27.
b4 h5 28. h4 Re8 29. Kf2 g6 30. Be3 Re6 31. Rd1 Re8 32. Ke2 Bf5 33. Kd2 Ra8 34.
Bb6 Rb8 35. Bc5 Ra8 36. Re1 Re8 37. Rc1 Ra8 38. Be3 Bd7 39. Bc5 a5 40. Re1 Be6
41. a3 axb4 42. axb4 1/2-1/2

[Event "World Stars Sharjah Int"]
[Site "ICC INT"]
[Date "2020.06.13"]
[Round "7.3"]
[White "Wojtaszek, Radoslaw"]
[Black "Salem, A.R. Saleh"]
[Result "1-0"]
[WhiteTitle "GM"]
[BlackTitle "GM"]
[WhiteElo "2719"]
[BlackElo "2682"]
[WhiteFideId "1118358"]
[BlackFideId "9301348"]
[EventDate "2020.06.12"]
[EventType "tourn (rapid)"]

1. d4 Nf6 2. c4 g6 3. Nf3 Bg7 4. g3 d5 5. Bg2 dxc4 6. Na3 c3 7. bxc3 O-O 8. O-O
c5 9. Ne5 Nc6 10. Nxc6 bxc6 11. Nc4 Be6 12. Qd3 Nd5 13. Ba3 cxd4 14. cxd4 Rb8
15. Ne5 Qc7 16. Rac1 Bxe5 17. dxe5 Qxe5 18. Bc5 Nb4 19. Qa3 Nxa2 20. Rc2 Rb3 21.
Qxa7 Nc3 22. Qxe7 Ra8 23. e3 Qf5 24. Bxc6 Qxc2 25. Bxa8 Rb8 26. Bf3 Qf5 27. Bg2
Bc4 28. e4 Qc8 29. Ra1 Rb7 30. Qd6 Rd7 31. Qe5 Ne2+ 32. Kh1 Bd3 33. Be3 Rc7 34.
Bh6 f5 35. exf5 1-0

[Event "World Stars Sharjah Int"]
[Site "ICC INT"]
[Date "2020.06.13"]
[Round "8.2"]
[White "Amin, Bassem"]
[Black "Wojtaszek, Radoslaw"]
[Result "0-1"]
[WhiteTitle "GM"]
[BlackTitle "GM"]
[WhiteElo "2686"]
[BlackElo "2719"]
[WhiteFideId "10601457"]
[BlackFideId "1118358"]
[EventDate "2020.06.12"]
[EventType "tourn (rapid)"]

1. e4 c5 2. Nf3 d6 3. g3 Nf6 4. d3 Nc6 5. Bg2 g6 6. O-O Bg7 7. c3 O-O 8. Re1 e5
9. a3 b5 10. h3 a5 11. Be3 a4 12. Nbd2 Nd7 13. Nf1 Nb6 14. Qd2 Na5 15. Rad1 Nb3
16. Qe2 Bb7 17. d4 Qc7 18. N1d2 cxd4 19. cxd4 exd4 20. Bf4 Nxd2 21. Qxd2 Nc4 22.
Qc2 Qb6 23. e5 Rac8 24. exd6 Nxd6 25. Qd2 Nc4 26. Qb4 Rfe8 27. Nd2 Rxe1+ 28.
Rxe1 Bxg2 29. Nxc4 Qc6 30. Ne5 Qd5 31. Kh2 g5 32. Nd3 Be4 0-1

[Event "World Stars Sharjah Int"]
[Site "ICC INT"]
[Date "2020.06.13"]
[Round "8.3"]
[White "Salem, A.R. Saleh"]
[Black "Kasimdzhanov, Rustam"]
[Result "0-1"]
[WhiteTitle "GM"]
[BlackTitle "GM"]
[WhiteElo "2682"]
[BlackElo "2661"]
[WhiteFideId "9301348"]
[BlackFideId "14200244"]
[EventDate "2020.06.12"]
[EventType "tourn (rapid)"]

1. d4 Nf6 2. c4 e6 3. Nf3 d5 4. g3 Bb4+ 5. Bd2 a5 6. Bg2 O-O 7. O-O dxc4 8. a3
Bxd2 9. Nbxd2 b5 10. b3 cxb3 11. Qxb3 c6 12. Rfc1 Bb7 13. Qb2 Nbd7 14. Ne1 Rc8
15. Nd3 Nb6 16. Nc5 Ba8 17. e3 Qe7 18. Qc3 Qa7 19. Ndb3 a4 20. Nd2 Rfd8 21. Rab1
h6 22. h3 Nbd7 23. Nde4 Nxe4 24. Bxe4 Nxc5 25. Qxc5 Qxc5 26. Rxc5 Bb7 27. h4 Kf8
28. g4 Ke7 29. f4 Kd6 30. Kf2 f6 31. h5 Re8 32. Kf3 e5 33. Bf5 exd4 34. exd4 Rc7
35. Bg6 Ree7 36. Rbc1 Bc8 37. R1c3 Be6 38. g5 Bd5+ 39. Kg4 fxg5 40. fxg5 Re2 41.
gxh6 gxh6 42. Rg3 Rd2 43. Rd3 Rxd3 44. Bxd3 Re7 45. Kf4 Re1 46. Rc3 Rh1 47. Bg6
Rh4+ 48. Kf5 Rxd4 49. Kf6 c5 50. Kg7 b4 51. Rc1 b3 52. Kxh6 c4 53. Kg7 Rg4 54.
Re1 b2 55. h6 Be4 56. Rxe4 Rxg6+ 0-1

[Event "World Stars Sharjah Int"]
[Site "ICC INT"]
[Date "2020.06.13"]
[Round "9.1"]
[White "Mamedyarov, Shakhriyar"]
[Black "Amin, Bassem"]
[Result "1-0"]
[WhiteTitle "GM"]
[BlackTitle "GM"]
[WhiteElo "2764"]
[BlackElo "2686"]
[WhiteFideId "13401319"]
[BlackFideId "10601457"]
[EventDate "2020.06.12"]
[EventType "tourn (rapid)"]

1. e4 e5 2. Nc3 Nc6 3. Bc4 Bc5 4. Qg4 g6 5. Qf3 Nf6 6. Nge2 d6 7. d3 Bg4 8. Qg3
Be6 9. Bg5 h6 10. Qh4 Ng4 11. Bxe6 Bxf2+ 12. Qxf2 Nxf2 13. Bxd8 Nxh1 14. Bf6
fxe6 15. Bxh8 Kf7 16. Kd2 Rxh8 17. Rxh1 a6 18. Rf1+ Kg7 19. Nd1 Rf8 20. Rxf8
Kxf8 21. c3 Kf7 22. Ke3 Kf6 23. h4 1-0

[Event "World Stars Sharjah Int"]
[Site "ICC INT"]
[Date "2020.06.13"]
[Round "9.2"]
[White "Kasimdzhanov, Rustam"]
[Black "Wojtaszek, Radoslaw"]
[Result "1/2-1/2"]
[WhiteTitle "GM"]
[BlackTitle "GM"]
[WhiteElo "2661"]
[BlackElo "2719"]
[WhiteFideId "14200244"]
[BlackFideId "1118358"]
[EventDate "2020.06.12"]
[EventType "tourn (rapid)"]

1. e4 c5 2. Nf3 d6 3. d4 cxd4 4. Nxd4 Nf6 5. Nc3 a6 6. Bc4 e6 7. O-O b5 8. Bb3
Be7 9. Qf3 Qb6 10. Be3 Qb7 11. Qg3 b4 12. Na4 O-O 13. f3 Nbd7 14. Kh1 Rb8 15. a3
a5 16. axb4 axb4 17. Bc4 Ne5 18. Be2 Bd7 19. b3 Ng6 20. Bd3 Nh5 21. Qe1 Nf6 22.
Qg3 Nh5 23. Qe1 Nf6 24. Qg3 1/2-1/2

[Event "World Stars Sharjah Int"]
[Site "ICC INT"]
[Date "2020.06.13"]
[Round "10.1"]
[White "Amin, Bassem"]
[Black "Kasimdzhanov, Rustam"]
[Result "1/2-1/2"]
[WhiteTitle "GM"]
[BlackTitle "GM"]
[WhiteElo "2686"]
[BlackElo "2661"]
[WhiteFideId "10601457"]
[BlackFideId "14200244"]
[EventDate "2020.06.12"]
[EventType "tourn (rapid)"]

1. e4 c6 2. d4 d5 3. exd5 cxd5 4. c4 Nf6 5. Nc3 e6 6. Nf3 Bb4 7. cxd5 Nxd5 8.
Bd2 Nc6 9. Bd3 O-O 10. O-O Be7 11. Re1 Nf6 12. Bg5 Nb4 13. Bb1 Re8 14. Ne5 h6
15. Bh4 Bd7 16. a3 Nbd5 17. Qd3 Bc6 18. Bxf6 Nxf6 19. Ba2 Bd6 20. Rad1 Qc7 21.
h3 Rad8 22. Nxc6 bxc6 23. Ne4 Be7 24. Bb1 Kf8 25. Qc4 Qb6 26. b4 a5 27. Nc5 axb4
28. axb4 Qb5 29. Qxb5 cxb5 30. Ba2 Ra8 31. Bb3 Red8 32. Re3 Nd5 33. Rf3 Kg8 34.
Nb7 Rd7 35. Nc5 Rdd8 36. Nb7 Rd7 37. Nc5 Rdd8 1/2-1/2

[Event "World Stars Sharjah Int"]
[Site "ICC INT"]
[Date "2020.06.13"]
[Round "10.2"]
[White "Salem, A.R. Saleh"]
[Black "Mamedyarov, Shakhriyar"]
[Result "0-1"]
[WhiteTitle "GM"]
[BlackTitle "GM"]
[WhiteElo "2682"]
[BlackElo "2764"]
[WhiteFideId "9301348"]
[BlackFideId "13401319"]
[EventDate "2020.06.12"]
[EventType "tourn (rapid)"]

1. d4 d5 2. c4 dxc4 3. Nf3 Nf6 4. Nc3 e6 5. e4 Bb4 6. e5 Nd5 7. Bd2 Nb6 8. Be2
Nc6 9. a3 Be7 10. Be3 O-O 11. h4 Na5 12. Qc2 Nd5 13. Rd1 f5 14. exf6 Nxf6 15.
Ng5 h6 16. d5 e5 17. d6 Bxd6 18. Rd5 Nc6 19. Bxc4 Kh8 20. Ne2 Ne7 21. Rd1 Bf5
22. Qc3 hxg5 23. hxg5+ Nh7 24. Nf4 exf4 25. Bd4 Rg8 26. Rd3 Nc6 27. Rdh3 Re8+
28. Kf1 Nxd4 29. Rxh7+ Bxh7 30. Qh3 Re1+ 31. Kxe1 Qe7+ 32. Kf1 g6 0-1